Kviz o Gradu Zagrebu - Statistics

General Stats
  • This quiz has been taken 17 times
  • The average score is 11 of 25
Answer Stats
Hint Answer % Correct
Planina s utvrdom Medvedgrad Medvednica
92%
Kontroverzni pjevač koji je 2025. na Hipodromu održao najveći koncert po broju prodanih ulaznica u povijesti Marko Perković Thompson
83%
Zagreb je poznat po velikom broju ovih ustanova. Ističu se _____ prekinutih veza, _____ iluzija, _____ čokolade, _____ mamurluka... muzej
83%
Neformalni nazivi za Zagrepčane, oba germanizmi purger
83%
Top koji svakodnevno od 1877. pucnjem označava podne {Grički} top
75%
Romantičko-realistički pisac (Zlatarovo zlato) August Šenoa
67%
Enciklopedist i modernistički književnik (Gospoda Glembajevi) Miroslav Krleža
67%
Najpoznatiji lik proizašao iz Zagrebačke škole crtanog filma Profesor {Baltazar}
67%
Hrvatski kralj čiji je kip, zanimljivo, podignut pod komunističkom vladom Tomislav
67%
Nadimak kraljice Barbare Celjske, koja je po pučkoj legendi bacala ljubavnike sa zidina i slala gavrana da ubija lokalno stanovništvo {Crna} Kraljica
58%
Pop-rock-jazz pjevačica (Dnevnik jedne ljubavi) Josipa Lisac
42%
Galerija nazvana po griškom renesansnom minijaturistu {Klovićevi} dvori
42%
Preporoditelj i operni skladatelj (Ljubav i zloba) Vatroslav Lisinski
42%
Pileća juha čije ime znači "sve u jednom" ajngemahtec
33%
Naselje čiji tradicijski kišobrani krase zagrebački Dolac Šestine
33%
agramer
25%
Djevojka kraj zdenca kojoj je vitez rekao da "zagrabi vode", po čemu je Zagreb navodno dobio ime Manda
25%
Prepoznatljivi simbol Zagreba je kip bana Josipa Jelačića na konju. Kako se zove konj? Emir
17%
Grad iz čije su jedne kockarnice dopremljeni pozlaćeni lusteri u Zagrebačku katedralu Las Vegas
17%
Student koji je 1950. pomagao u izgradnji autoceste Zagreb-Beograd; kasnije je, kao vođa Crvenih Kmera, pobio oko 2 milijuna ljudi Pol Pot
17%
Umjetnička instalacija koja ulicama Zagreba reproducira Sunce i okolne planete u točnom mjerilu {Prizemljeni} Sunčev sustav
17%
Popularna šlager-komedija Kreše Golika o međuratnoj zagrebačkoj obitelji Tko pjeva zlo ne misli
17%
Sotonist koji je godinama pljačkao Nacionalnu i sveučilišnu knjižnicu te ju je planirao zapaliti Aleksandar Milles
8%
Čudotvorni eliksir koji je izumitelja Eugena Viktora Fellera pretvorio u milijardera; izvozio se u Kinu, Japan i SAD u doba prohibicije Elsa Fluid
8%
Dječja glumica ubijena u Auschwitzu Lea Deutsch
8%
No matching quizzes found
Score Distribution
Percent of People with Each Score
Percentile by Number Answered
Your Score History
You have not taken this quiz